[Event "IV Torneo Banco di Roma B"]
[Site "Roma ITA"]
[Date "1980.02.??"]
[Round "1"]
[White "Beggi, Pierluigi"]
[Black "Wagman, Stuart"]
[Result "1/2-1/2"]
[WhiteElo "2250"]
[BlackElo "2300"]
[PlyCount "39"]
[EventDate "1980.02.16"]

1. c4 Nf6 2. Nc3 g6 3. g3 Bg7 4. Bg2 O-O 5. e3 c6 6. Nge2 d5 7. cxd5 cxd5 8.
Qb3 e6 9. O-O Nc6 10. d3 Qe7 11. e4 Rd8 12. Bg5 dxe4 13. Nxe4 Kh8 14. Rac1 h6
15. Bxf6 Bxf6 16. Nxf6 Qxf6 17. Rxc6 bxc6 18. Bxc6 Ba6 19. Bxa8 Rxa8 20. Qc3
1/2-1/2

[Event "IV Torneo Banco di Roma B"]
[Site "Roma ITA"]
[Date "1980.02.??"]
[Round "1"]
[White "Messa, Roberto"]
[Black "De Eccher, Stefano"]
[Result "0-1"]
[WhiteElo "2265"]
[BlackElo "2285"]
[PlyCount "100"]
[EventDate "1980.02.16"]

1. e4 c5 2. c4 Nc6 3. Nc3 g6 4. g3 Bg7 5. Bg2 e6 6. Nge2 Nge7 7. d3 d6 8. O-O
O-O 9. Rb1 f5 10. f4 Nd4 11. Be3 Nec6 12. a3 Qb6 13. b4 cxb4 14. Nb5 a5 15.
axb4 axb4 16. exf5 gxf5 17. Nexd4 Nxd4 18. Rxb4 Qc5 19. Qb1 Bd7 20. Re1 Bc6 21.
Bxc6 bxc6 22. Nc7 Ra1 23. Qxa1 Qxb4 24. Rb1 Nf3+ 25. Kh1 Bxa1 26. Rxb4 Rc8 27.
Rb7 Ne1 28. Nxe6 Re8 29. Bd4 Rxe6 30. Bxa1 Nxd3 31. Kg2 Ne1+ 32. Kf1 Nc2 33.
Bc3 Ne3+ 34. Kg1 Nxc4 35. Rg7+ Kf8 36. Rxh7 Ne3 37. Rh5 Nd5 38. Rxf5+ Ke7 39.
Bd4 Re4 40. Bf2 Ke6 41. Rf8 c5 42. Re8+ Kf5 43. Rc8 c4 44. h3 c3 45. Rf8+ Ke6
46. Re8+ Kf5 47. Rc8 Re2 48. Bd4 c2 49. Kf1 Rd2 50. Bb2 Ke4 0-1

[Event "IV Torneo Banco di Roma B"]
[Site "Roma ITA"]
[Date "1980.02.??"]
[Round "1"]
[White "Passerotti, Pierluigi"]
[Black "Medina Garcia, Antonio Angel"]
[Result "1/2-1/2"]
[WhiteElo "2330"]
[BlackElo "2370"]
[PlyCount "128"]
[EventDate "1980.02.16"]

1. e4 e5 2. Nf3 Nc6 3. Bb5 a6 4. Bxc6 dxc6 5. O-O f6 6. d4 exd4 7. Nxd4 Ne7 8.
Be3 Ng6 9. Nd2 Bd6 10. Qe2 O-O 11. Qc4+ Kh8 12. f4 Qe8 13. Rae1 Bd7 14. Nf5 Rd8
15. Nxd6 cxd6 16. Bb6 Rc8 17. Qd3 c5 18. b3 Rc6 19. Ba5 b5 20. Bc3 Qb8 21. Qg3
Rcc8 22. Rf3 Rce8 23. h4 Ne7 24. h5 h6 25. Bb2 d5 26. Qf2 Qc8 27. e5 fxe5 28.
Bxe5 Nc6 29. Qg3 Nxe5 30. fxe5 Rxf3 31. Nxf3 Bf5 32. c3 Qe6 33. Qf2 Bg4 34.
Qxc5 Bxf3 35. gxf3 Qh3 36. Qxd5 Qg3+ 37. Kf1 Qh3+ 38. Kf2 Qh2+ 39. Kf1 Qh3+ 40.
Ke2 Qxh5 41. Kd2 b4 42. c4 Qg5+ 43. Kc2 Rd8 44. f4 Qh4 45. Qe4 Qf2+ 46. Re2 Qg3
47. Qe3 Qg6+ 48. Qe4 Qg3 49. Qe3 Qg6+ 50. Kb2 Rd1 51. Rc2 a5 52. c5 Qc6 53. Rd2
Rxd2+ 54. Qxd2 Qxc5 55. Qd8+ Kh7 56. Qd3+ Kg8 57. Qe4 h5 58. e6 Kf8 59. f5 Qc7
60. Kb1 Qc3 61. Qh4 Qd3+ 62. Kc1 Qc3+ 63. Kb1 Qd3+ 64. Kc1 Qc3+ 1/2-1/2

[Event "IV Torneo Banco di Roma B"]
[Site "Roma ITA"]
[Date "1980.02.??"]
[Round "2"]
[White "De Eccher, Stefano"]
[Black "Passerotti, Pierluigi"]
[Result "1/2-1/2"]
[WhiteElo "2285"]
[BlackElo "2330"]
[PlyCount "91"]
[EventDate "1980.02.16"]

1. d4 Nf6 2. c4 e6 3. Nc3 d5 4. cxd5 exd5 5. Bg5 c6 6. e3 Be7 7. Qc2 Bg4 8.
Nge2 Nh5 9. Bxe7 Qxe7 10. h3 Bxe2 11. Bxe2 Nf6 12. Bd3 O-O 13. O-O Re8 14. Rab1
a5 15. a3 Nbd7 16. Rfc1 g6 17. Na4 Ne4 18. Bxe4 Qxe4 19. Qxe4 Rxe4 20. Nc5 Nxc5
21. Rxc5 a4 22. b3 axb3 23. Rxb3 Re7 24. Rc2 Kf8 25. Kf1 Ke8 26. Ke2 Kd8 27.
Kd3 Kc7 28. Rcb2 b5 29. Rc2 Kb6 30. Rbc3 Re6 31. Rb2 f5 32. Rb1 Ra4 33. Rb4 Ra6
34. Rcb3 Kc7 35. a4 bxa4 36. Ra3 c5 37. dxc5 Re4 38. Rd4 Kc6 39. f3 Rxd4+ 40.
Kxd4 Ra8 41. g4 fxg4 42. hxg4 h5 43. gxh5 gxh5 44. e4 dxe4 45. fxe4 Kb5 46. Kd5
1/2-1/2

[Event "IV Torneo Banco di Roma B"]
[Site "Roma ITA"]
[Date "1980.02.??"]
[Round "2"]
[White "Joksic, Sinisa"]
[Black "Wagman, Stuart"]
[Result "1-0"]
[WhiteElo "2360"]
[BlackElo "2300"]
[PlyCount "67"]
[EventDate "1980.02.16"]

1. c4 Nf6 2. Nc3 g6 3. g3 Bg7 4. Bg2 O-O 5. e4 d6 6. Nge2 e5 7. h3 Nbd7 8. a3
c6 9. d3 Ne8 10. O-O Nc7 11. Be3 Nf6 12. d4 exd4 13. Nxd4 Re8 14. Qc2 Ne6 15.
Rfd1 Qc7 16. Rac1 Nxd4 17. Bxd4 Be6 18. Ne2 Rad8 19. b4 Bc8 20. Nc3 Be6 21. Qb2
Qe7 22. Ne2 c5 23. Bc3 Bxc4 24. Nf4 Be6 25. bxc5 dxc5 26. e5 Nd7 27. Qxb7 Bxe5
28. Nxe6 Qxe6 29. Ba5 Nb6 30. Rxd8 Rxd8 31. Qxa7 Rd6 32. Re1 Nd7 33. Bc7 Rd2
34. Bxe5 1-0

[Event "IV Torneo Banco di Roma B"]
[Site "Roma ITA"]
[Date "1980.02.??"]
[Round "2"]
[White "Kovacs, Laszlo M."]
[Black "Messa, Roberto"]
[Result "1/2-1/2"]
[WhiteElo "2340"]
[BlackElo "2265"]
[PlyCount "33"]
[EventDate "1980.02.16"]

1. d4 d5 2. c4 e6 3. Nc3 c5 4. cxd5 exd5 5. Nf3 Nc6 6. g3 Nf6 7. Bg2 Be7 8. O-O
O-O 9. Bg5 c4 10. Ne5 Be6 11. e3 Nd7 12. Bxe7 Nxe7 13. f4 f6 14. Nf3 Re8 15.
Qd2 Nf5 16. Rfe1 Nd6 17. e4 1/2-1/2

[Event "IV Torneo Banco di Roma B"]
[Site "Roma ITA"]
[Date "1980.02.??"]
[Round "2"]
[White "Medina Garcia, Antonio Angel"]
[Black "Durao, Joaquim Manuel"]
[Result "1/2-1/2"]
[WhiteElo "2370"]
[BlackElo "2305"]
[PlyCount "37"]
[EventDate "1980.02.16"]

1. e4 c5 2. Nf3 Nc6 3. d4 cxd4 4. Nxd4 Nf6 5. Nc3 d6 6. Bc4 e6 7. a3 Bd7 8. Ba2
a6 9. O-O b5 10. f4 Nxd4 11. Qxd4 Qc7 12. Kh1 Rd8 13. Bd2 Bc6 14. Rac1 Be7 15.
Qd3 d5 16. e5 Ne4 17. Nxe4 dxe4 18. Qe2 O-O 19. Be3 1/2-1/2

[Event "IV Torneo Banco di Roma B"]
[Site "Roma ITA"]
[Date "1980.02.??"]
[Round "3"]
[White "Beggi, Pierluigi"]
[Black "Medina Garcia, Antonio Angel"]
[Result "1-0"]
[WhiteElo "2250"]
[BlackElo "2370"]
[PlyCount "83"]
[EventDate "1980.02.16"]

1. d4 Nf6 2. c4 e6 3. Nc3 d5 4. cxd5 exd5 5. Bg5 Be7 6. e3 c6 7. Qc2 Nbd7 8.
Bd3 h6 9. Bf4 Nf8 10. Nf3 Ne6 11. Be5 Bd6 12. O-O O-O 13. Rab1 b6 14. b4 Bb7
15. Rfd1 Rc8 16. Qe2 Re8 17. Ba6 Bxa6 18. Qxa6 Ng5 19. Nxg5 hxg5 20. Bxf6 Qxf6
21. Qd3 Qh6 22. g3 Re6 23. Qf1 b5 24. Qg2 Rce8 25. Rdc1 Qg6 26. Rb3 Qh5 27. Nd1
Bc7 28. Nb2 f5 29. Rbc3 Qh6 30. Rxc6 Rxc6 31. Qxd5+ Rce6 32. Rxc7 Kh8 33. Nd3
Qh5 34. Qxf5 Qd1+ 35. Kg2 Rf6 36. Qxg5 Qf3+ 37. Kg1 Qd1+ 38. Kg2 Qf3+ 39. Kf1
Qh1+ 40. Ke2 Qf3+ 41. Ke1 Rg8 42. Nf4 1-0

[Event "IV Torneo Banco di Roma B"]
[Site "Roma ITA"]
[Date "1980.02.??"]
[Round "3"]
[White "Durao, Joaquim Manuel"]
[Black "De Eccher, Stefano"]
[Result "0-1"]
[WhiteElo "2305"]
[BlackElo "2285"]
[PlyCount "92"]
[EventDate "1980.02.16"]

1. e4 e5 2. Nf3 Nc6 3. Bc4 Bc5 4. c3 Nf6 5. d3 d6 6. b4 Bb6 7. a4 a6 8. Nbd2
Qe7 9. O-O O-O 10. Ba2 Be6 11. Nc4 Ba7 12. Bg5 Rae8 13. Ne3 Bxa2 14. Rxa2 Qe6
15. Re2 Ne7 16. Bxf6 Qxf6 17. d4 Ng6 18. Nd5 Qd8 19. b5 axb5 20. axb5 c6 21.
bxc6 bxc6 22. Nb4 Qd7 23. Qa4 Nf4 24. Ra2 Nxg2 25. Qxa7 Qg4 26. Nxe5 Qg5 27. f4
Nxf4+ 28. Kh1 dxe5 29. dxe5 Qxe5 30. Qd4 Qxe4+ 31. Qxe4 Rxe4 32. Nxc6 Rfe8 33.
Raf2 g5 34. h4 h6 35. hxg5 hxg5 36. Nd4 Kg7 37. Nf5+ Kg6 38. Nd6 Rh8+ 39. Rh2
Rxh2+ 40. Kxh2 Re2+ 41. Kh1 Rc2 42. c4 f5 43. Ra1 Nh3 44. Ra6 f4 45. c5 g4 46.
Ne4+ Kh5 0-1

[Event "IV Torneo Banco di Roma B"]
[Site "Roma ITA"]
[Date "1980.02.??"]
[Round "3"]
[White "Messa, Roberto"]
[Black "Joksic, Sinisa"]
[Result "1-0"]
[WhiteElo "2265"]
[BlackElo "2360"]
[PlyCount "79"]
[EventDate "1980.02.16"]

1. e4 c5 2. c4 Nc6 3. Nc3 g6 4. g3 Bg7 5. Bg2 Ne5 6. d3 d6 7. f4 Bg4 8. Qd2 Nc6
9. h3 Bd7 10. Nge2 Qc8 11. b3 h5 12. Bb2 Nd4 13. Nxd4 cxd4 14. Ne2 e5 15. Ba3
Qc7 16. Rc1 b6 17. O-O Ne7 18. Nxd4 exd4 19. e5 Nc6 20. exd6 Qc8 21. Rce1+ Kd8
22. b4 a5 23. b5 Nb4 24. Bc1 Bf5 25. Rf3 Ra7 26. a3 Nxd3 27. Rxd3 Qxc4 28. Bf1
Bxd3 29. Bxd3 Qd5 30. f5 Qxd6 31. Qe2 Qxg3+ 32. Kh1 Qxh3+ 33. Kg1 Qg4+ 34. Qxg4
hxg4 35. fxg6 Bh6 36. Bxh6 Rxh6 37. g7 Re7 38. g8=Q+ Kd7 39. Qxg4+ Kd6 40. Qf4+
1-0

[Event "IV Torneo Banco di Roma B"]
[Site "Roma ITA"]
[Date "1980.02.??"]
[Round "3"]
[White "Passerotti, Pierluigi"]
[Black "Kovacs, Laszlo M."]
[Result "0-1"]
[WhiteElo "2330"]
[BlackElo "2340"]
[PlyCount "82"]
[EventDate "1980.02.16"]

1. e4 c5 2. Nf3 d6 3. c3 Nf6 4. Bd3 Nc6 5. h3 g6 6. O-O Bg7 7. Bc2 O-O 8. d4
cxd4 9. cxd4 b6 10. Nc3 e6 11. Bg5 h6 12. Be3 Bb7 13. Qd2 Kh7 14. Rac1 Rc8 15.
Bb1 Qd7 16. Nh2 Ne7 17. f3 Rc7 18. g4 Rfc8 19. Rfd1 e5 20. Qf2 exd4 21. Bxd4
Qe6 22. Rc2 Nc6 23. Be3 Ne5 24. Nb5 Rxc2 25. Bxc2 Nc4 26. Nxa7 Nxe3 27. Bb3
Nxd1 28. Bxe6 Nxf2 29. Bxc8 Nxh3+ 30. Kg2 Nf4+ 31. Kg3 Bxc8 32. Nxc8 Nd7 33.
Nxd6 Bxb2 34. Nxf7 g5 35. Nf1 Bd4 36. Nd2 Kg6 37. Nd8 Ne5 38. Nb7 Ne2+ 39. Kg2
Nc3 40. Nb3 Be3 41. Nd6 Nxa2 0-1

[Event "IV Torneo Banco di Roma B"]
[Site "Roma ITA"]
[Date "1980.02.??"]
[Round "4"]
[White "De Eccher, Stefano"]
[Black "Beggi, Pierluigi"]
[Result "1-0"]
[WhiteElo "2285"]
[BlackElo "2250"]
[PlyCount "45"]
[EventDate "1980.02.16"]

1. e4 c5 2. Nf3 e6 3. d3 d5 4. Nbd2 Nc6 5. g3 Nf6 6. Bg2 Be7 7. O-O O-O 8. Re1
dxe4 9. dxe4 b6 10. e5 Nd5 11. c3 Ba6 12. Qa4 Qc8 13. Qg4 Bd3 14. Ne4 f5 15.
exf6 Nxf6 16. Nxf6+ Rxf6 17. Nh4 e5 18. Bd5+ Kf8 19. Qh5 Qd7 20. c4 Rd8 21. Bg5
Nd4 22. Rxe5 h6 23. Rae1 1-0

[Event "IV Torneo Banco di Roma B"]
[Site "Roma ITA"]
[Date "1980.02.??"]
[Round "4"]
[White "Kovacs, Laszlo M."]
[Black "Durao, Joaquim Manuel"]
[Result "1/2-1/2"]
[WhiteElo "2340"]
[BlackElo "2305"]
[PlyCount "25"]
[EventDate "1980.02.16"]

1. d4 Nf6 2. c4 g6 3. Nc3 Bg7 4. e4 d6 5. Nge2 O-O 6. Ng3 c5 7. d5 e6 8. Be2
exd5 9. exd5 Nbd7 10. O-O Ne8 11. Be3 f5 12. Qd2 Ne5 13. h3 1/2-1/2

[Event "IV Torneo Banco di Roma B"]
[Site "Roma ITA"]
[Date "1980.02.??"]
[Round "4"]
[White "Messa, Roberto"]
[Black "Passerotti, Pierluigi"]
[Result "1/2-1/2"]
[WhiteElo "2265"]
[BlackElo "2330"]
[PlyCount "48"]
[EventDate "1980.02.16"]

1. e4 c6 2. d4 d5 3. exd5 cxd5 4. Bd3 Nc6 5. c3 Nf6 6. Bf4 Bg4 7. Qb3 Na5 8.
Qa4+ Bd7 9. Qc2 Rc8 10. Nd2 e6 11. Ngf3 Qb6 12. a4 Bd6 13. Bxd6 Qxd6 14. O-O
O-O 15. Rfe1 Nc4 16. Ne5 Nxd2 17. Qxd2 Bc6 18. Re3 Ne4 19. Qe1 f5 20. f3 Ng5
21. a5 Rf6 22. Re2 Be8 23. Qg3 Nf7 24. Kh1 Qc7 1/2-1/2

[Event "IV Torneo Banco di Roma B"]
[Site "Roma ITA"]
[Date "1980.02.??"]
[Round "5"]
[White "Beggi, Pierluigi"]
[Black "Kovacs, Laszlo M."]
[Result "0-1"]
[WhiteElo "2250"]
[BlackElo "2340"]
[PlyCount "160"]
[EventDate "1980.02.16"]

1. d4 Nf6 2. c4 e6 3. Nc3 Bb4 4. Qc2 c5 5. dxc5 Nc6 6. Nf3 Bxc5 7. Bg5 O-O 8.
e3 b6 9. Be2 Bb7 10. O-O h6 11. Bh4 Rc8 12. Rad1 Be7 13. Qb1 Na5 14. b3 d5 15.
Qb2 Qe8 16. cxd5 Nxd5 17. Bb5 Qd8 18. Nxd5 Bxd5 19. e4 Bxh4 20. Nxh4 Qxh4 21.
exd5 Rc5 22. a4 Rxd5 23. Rxd5 exd5 24. Rd1 Qb4 25. Rxd5 Nxb3 26. h3 Rc8 27. Rd3
Qe1+ 28. Kh2 Nc5 29. Re3 Qd1 30. Qe5 Rd8 31. Rg3 Ne6 32. Qe4 Qd5 33. Qh4 Qd6
34. Bc4 Qf4 35. Qxf4 Nxf4 36. Re3 Kf8 37. Re5 Rd4 38. Bb3 Nd3 39. Rf5 f6 40. a5
Nc5 41. axb6 axb6 42. Ba2 Ke7 43. Rf3 Kd6 44. Rg3 g5 45. Rf3 Ke5 46. Bb1 Rd2
47. h4 Rb2 48. Bg6 Rb3 49. Rf5+ Ke6 50. hxg5 hxg5 51. f4 Ne4 52. fxg5 Nxg5 53.
Rf2 Nf7 54. Bh7 Rb4 55. Bg8 Ke7 56. Bxf7 Kxf7 57. Rc2 Ke6 58. Rc6+ Ke5 59. g4
Rb1 60. Kg3 b5 61. Rb6 b4 62. Rb5+ Ke4 63. Rb6 b3 64. Re6+ Kd5 65. Rb6 Kc5 66.
Rb8 Kc4 67. Rb6 Rg1+ 68. Kh3 Kc3 69. Rc6+ Kd4 70. Rb6 Rb1 71. Kg2 Ke5 72. Rb4
Rb2+ 73. Kg3 Kd5 74. Rb6 Rb1 75. Kg2 Kc5 76. Rb8 Kc4 77. Rb6 Rd1 78. Kf2 Rd5
79. Ke3 Rb5 80. Rc6+ Kd5 0-1

[Event "IV Torneo Banco di Roma B"]
[Site "Roma ITA"]
[Date "1980.02.??"]
[Round "5"]
[White "Durao, Joaquim Manuel"]
[Black "Messa, Roberto"]
[Result "1-0"]
[WhiteElo "2305"]
[BlackElo "2265"]
[PlyCount "47"]
[EventDate "1980.02.16"]

1. e4 e6 2. d4 d5 3. Nc3 Bb4 4. e5 Ne7 5. a3 Bxc3+ 6. bxc3 c5 7. Qg4 O-O 8. h4
f5 9. exf6 Rxf6 10. Bg5 Rf7 11. Nf3 Qa5 12. Bd2 e5 13. Qh5 Nbc6 14. Nxe5 Rf5
15. Nxc6 Nxc6 16. Qd1 Bd7 17. Bd3 Re8+ 18. Kf1 Rf7 19. Qh5 g6 20. Qxd5 Nxd4 21.
h5 Nf5 22. hxg6 hxg6 23. Bxf5 Bxf5 24. c4 1-0

[Event "IV Torneo Banco di Roma B"]
[Site "Roma ITA"]
[Date "1980.02.??"]
[Round "5"]
[White "Passerotti, Pierluigi"]
[Black "Joksic, Sinisa"]
[Result "1-0"]
[WhiteElo "2330"]
[BlackElo "2360"]
[PlyCount "75"]
[EventDate "1980.02.16"]

1. e4 c5 2. Nf3 e6 3. d4 cxd4 4. Nxd4 Nf6 5. Nc3 Nc6 6. Bf4 d6 7. Bg3 Be7 8.
Be2 O-O 9. Qd2 e5 10. Nb3 a6 11. O-O b5 12. a3 Bb7 13. f4 exf4 14. Qxf4 Rc8 15.
Rad1 Ne5 16. Nd4 g6 17. h3 Nfd7 18. Qf2 Qc7 19. Bh4 Qd8 20. Bxe7 Qxe7 21. Qg3
Kh8 22. Rf4 Nb6 23. Re1 Rc7 24. Qf2 Nbc4 25. Bxc4 Rxc4 26. Qd2 Kg7 27. b3 Rc7
28. Nd5 Bxd5 29. exd5 Qd7 30. Ref1 Rfc8 31. Rf6 Rc5 32. Qg5 h6 33. Qh4 Rxd5 34.
Nf5+ gxf5 35. Qxh6+ Kg8 36. R1xf5 Rd1+ 37. Kh2 Nf3+ 38. Rxf3 1-0

[Event "IV Torneo Banco di Roma B"]
[Site "Roma ITA"]
[Date "1980.02.??"]
[Round "5"]
[White "Wagman, Stuart"]
[Black "De Eccher, Stefano"]
[Result "0-1"]
[WhiteElo "2300"]
[BlackElo "2285"]
[PlyCount "64"]
[EventDate "1980.02.16"]

1. c4 Nf6 2. Nc3 e6 3. e4 c5 4. e5 Ng8 5. Nf3 Nc6 6. d4 cxd4 7. Nxd4 Nxe5 8.
Qa4 Ne7 9. Bg5 Qb6 10. c5 Qxc5 11. Ndb5 a6 12. Be3 Qc6 13. Rc1 Rb8 14. Ne4 axb5
15. Bxb5 Nd3+ 16. Bxd3 Qd5 17. Bb5 Nc6 18. O-O Bb4 19. Nc3 Bxc3 20. Rxc3 O-O
21. Bc5 Re8 22. Rd1 Ra8 23. Qc2 Qh5 24. Rh3 Qg6 25. Bd3 f5 26. Be2 Qf6 27. b4
d5 28. b5 Ne7 29. Bd4 Qf7 30. Bh5 Ng6 31. f4 Bd7 32. Qb2 32... Rac8 $138 0-1

[Event "IV Torneo Banco di Roma B"]
[Site "Roma ITA"]
[Date "1980.02.??"]
[Round "6"]
[White "Joksic, Sinisa"]
[Black "Medina Garcia, Antonio Angel"]
[Result "0-1"]
[WhiteElo "2360"]
[BlackElo "2370"]
[PlyCount "84"]
[EventDate "1980.02.16"]

1. c4 e6 2. g3 d5 3. Bg2 Nf6 4. Nf3 Be7 5. O-O O-O 6. d4 dxc4 7. Qc2 a6 8. Qxc4
b5 9. Qc2 Bb7 10. Nc3 Nbd7 11. Rd1 c5 12. dxc5 Bxc5 13. a3 Qb6 14. e3 Rac8 15.
b4 Be7 16. Bb2 Bxf3 17. Bxf3 Ne5 18. Bg2 Nc4 19. Rac1 Ng4 20. Qe2 Nxb2 21. Qxb2
Nxe3 22. fxe3 Qxe3+ 23. Kh1 Bf6 24. Re1 Bxc3 25. Rxe3 Bxb2 26. Rxc8 Rxc8 27.
Bb7 Rc1+ 28. Kg2 Ra1 29. Rd3 g6 30. Rd8+ Kg7 31. Bc6 Rc1 32. Be8 Rc2+ 33. Kf3
f5 34. h3 e5 35. g4 Kf6 36. gxf5 gxf5 37. Ra8 e4+ 38. Kg3 Rc3+ 39. Kh4 Rxa3 40.
Ra7 Bd4 41. Rf7+ Ke6 42. Rxh7 Bf6+ 0-1

[Event "IV Torneo Banco di Roma B"]
[Site "Roma ITA"]
[Date "1980.02.??"]
[Round "6"]
[White "Kovacs, Laszlo M."]
[Black "Wagman, Stuart"]
[Result "1/2-1/2"]
[WhiteElo "2340"]
[BlackElo "2300"]
[PlyCount "62"]
[EventDate "1980.02.16"]

1. d4 Nf6 2. Nf3 g6 3. c4 Bg7 4. Nc3 O-O 5. e4 d6 6. Be2 e5 7. O-O Nc6 8. d5
Ne7 9. Ne1 Nd7 10. Nd3 f5 11. f3 f4 12. Bd2 Nf6 13. c5 g5 14. Rc1 Ng6 15. cxd6
cxd6 16. Nf2 Rf7 17. Qa4 h5 18. h3 Bf8 19. Nb5 Nh4 20. Qa5 b6 21. Qc3 Ne8 22.
a4 Rg7 23. a5 a6 24. Na3 b5 25. Nc2 Nf6 26. Nb4 g4 27. Nc6 Qe8 28. fxg4 hxg4
29. hxg4 Qg6 30. Qh3 Rh7 31. Rc3 Qg5 1/2-1/2

[Event "IV Torneo Banco di Roma B"]
[Site "Roma ITA"]
[Date "1980.02.??"]
[Round "6"]
[White "Messa, Roberto"]
[Black "Beggi, Pierluigi"]
[Result "1-0"]
[WhiteElo "2265"]
[BlackElo "2250"]
[PlyCount "43"]
[EventDate "1980.02.16"]

1. e4 c5 2. d4 cxd4 3. c3 d5 4. exd5 Qxd5 5. cxd4 Nc6 6. Nf3 e5 7. Nc3 Bb4 8.
Bd2 Bxc3 9. Bxc3 e4 10. Nd2 Nf6 11. Bc4 Qg5 12. d5 Qxg2 13. Rf1 Bg4 14. Qa4 e3
15. fxe3 Nxd5 16. Rf2 Qg1+ 17. Nf1 O-O-O 18. Ba6 Rd6 19. Rxf7 Re8 20. Bxb7+ Kb8
21. Bd4 Nf6 22. Bxc6 1-0

[Event "IV Torneo Banco di Roma B"]
[Site "Roma ITA"]
[Date "1980.02.??"]
[Round "7"]
[White "Beggi, Pierluigi"]
[Black "Passerotti, Pierluigi"]
[Result "1/2-1/2"]
[WhiteElo "2250"]
[BlackElo "2330"]
[PlyCount "97"]
[EventDate "1980.02.16"]

1. d4 e6 2. c4 Nf6 3. Nc3 Bb4 4. Qc2 c5 5. dxc5 O-O 6. Nf3 Qa5 7. Bd2 Qxc5 8.
e3 d5 9. cxd5 Nxd5 10. Bd3 h6 11. Nxd5 Bxd2+ 12. Nxd2 Qxd5 13. Be4 Qb5 14. a4
Qb4 15. Qb3 Na6 16. Qxb4 Nxb4 17. Ke2 Rb8 18. Rhc1 b6 19. a5 Ba6+ 20. Kf3 f5
21. Bb1 Rfc8 22. Rxc8+ Rxc8 23. axb6 axb6 24. Ra4 Bb7+ 25. e4 Nc6 26. Ba2 Kf7
27. exf5 Nb4+ 28. Kg3 Nxa2 29. fxe6+ Kxe6 30. Rxa2 Rc2 31. Nf3 Kd6 32. Nd4 Rc5
33. f3 Ke5 34. Ra7 Bd5 35. Ne2 Rc2 36. Nf4 Bc4 37. Rc7 b5 38. b4 g5 39. Nh5 Kd4
40. f4 gxf4+ 41. Nxf4 Kc3 42. Nd5+ Kb3 43. Ne3 Rc3 44. Kf2 Kxb4 45. Rh7 Be6 46.
Rxh6 Rc6 47. h4 Kc3 48. h5 b4 49. Rf6 1/2-1/2

[Event "IV Torneo Banco di Roma B"]
[Site "Roma ITA"]
[Date "1980.02.??"]
[Round "7"]
[White "Durao, Joaquim Manuel"]
[Black "Joksic, Sinisa"]
[Result "1/2-1/2"]
[WhiteElo "2305"]
[BlackElo "2360"]
[PlyCount "65"]
[EventDate "1980.02.16"]

1. e4 c5 2. Nc3 Nc6 3. f4 g6 4. Nf3 Bg7 5. g3 Rb8 6. Bg2 b5 7. a3 d6 8. O-O Nd4
9. Ne2 Nxf3+ 10. Bxf3 Bh3 11. Re1 Qb6 12. d3 h5 13. c3 Nh6 14. Bg2 Bxg2 15.
Kxg2 h4 16. Ng1 hxg3 17. hxg3 a5 18. Nf3 Qc6 19. Rh1 c4 20. Qe2 cxd3 21. Qxd3
Ng4 22. Rxh8+ Bxh8 23. Bd2 Bg7 24. Re1 Qc4 25. Qxc4 bxc4 26. Bc1 e6 27. Nd2 Rc8
28. Kf3 Nh6 29. g4 Kf8 30. Nf1 Ng8 31. Rd1 Rc6 32. Be3 Ne7 33. Bf2 1/2-1/2

[Event "IV Torneo Banco di Roma B"]
[Site "Roma ITA"]
[Date "1980.02.??"]
[Round "7"]
[White "Medina Garcia, Antonio Angel"]
[Black "De Eccher, Stefano"]
[Result "1/2-1/2"]
[WhiteElo "2370"]
[BlackElo "2285"]
[PlyCount "109"]
[EventDate "1980.02.16"]

1. e4 c5 2. Nc3 d6 3. g3 Nc6 4. Bg2 g6 5. d3 Bg7 6. f4 e6 7. Nf3 Nge7 8. O-O
Rb8 9. Be3 b5 10. Qd2 b4 11. Nd1 O-O 12. Kh1 Nd4 13. a3 a5 14. axb4 axb4 15.
Rb1 Bd7 16. b3 Nec6 17. Bg1 Ra8 18. Ne3 Nxf3 19. Bxf3 Nd4 20. Bg2 Ra2 21. g4 f5
22. gxf5 exf5 23. exf5 Nxf5 24. Nxf5 Bxf5 25. Bd5+ Kh8 26. Rbc1 Bc3 27. Qd1 Qf6
28. Be3 Re8 29. Bd2 Qd4 30. Bg2 Bxd2 31. Qxd2 Qe3 32. Qxe3 Rxe3 33. Bf3 Kg7 34.
Kg1 Kf6 35. Rf2 Bh3 36. Bg2 Bg4 37. Kf1 Ke6 38. Re1 Rxe1+ 39. Kxe1 Ra1+ 40. Kd2
Rd1+ 41. Ke3 Re1+ 42. Kd2 Rd1+ 43. Ke3 Re1+ 44. Kd2 Rg1 45. h3 Bh5 46. Ke3 d5
47. d4 Re1+ 48. Kd3 Rd1+ 49. Rd2 c4+ 50. bxc4 dxc4+ 51. Ke3 Re1+ 52. Kf2 Rd1
53. Ke3 Re1+ 54. Kf2 Rd1 55. Ke3 1/2-1/2

[Event "IV Torneo Banco di Roma B"]
[Site "Roma ITA"]
[Date "1980.02.??"]
[Round "7"]
[White "Wagman, Stuart"]
[Black "Messa, Roberto"]
[Result "0-1"]
[WhiteElo "2300"]
[BlackElo "2265"]
[PlyCount "56"]
[EventDate "1980.02.16"]

1. d4 e6 2. e4 d5 3. Nc3 Bb4 4. e5 Ne7 5. a3 Bxc3+ 6. bxc3 c5 7. Nf3 Bd7 8. a4
Qa5 9. Bd2 Nbc6 10. Rb1 Qc7 11. dxc5 Nxe5 12. Nxe5 Qxe5+ 13. Be2 Qc7 14. Bb5
Bxb5 15. Rxb5 Nc6 16. O-O O-O 17. Qb1 Rab8 18. Qb2 a6 19. Rb6 Na5 20. Rb4 Nc4
21. Qc1 Qxc5 22. Be3 Nxe3 23. Qxe3 Rfc8 24. Qxc5 Rxc5 25. Rfb1 Rxc3 26. Rxb7
Rxb7 27. Rxb7 g6 28. g3 Rc4 0-1

[Event "IV Torneo Banco di Roma B"]
[Site "Roma ITA"]
[Date "1980.02.??"]
[Round "8"]
[White "Durao, Joaquim Manuel"]
[Black "Beggi, Pierluigi"]
[Result "1/2-1/2"]
[WhiteElo "2305"]
[BlackElo "2250"]
[PlyCount "27"]
[EventDate "1980.02.16"]

1. e4 c5 2. Nf3 Nc6 3. d4 cxd4 4. Nxd4 Nf6 5. Nc3 d6 6. f4 e6 7. Be2 Be7 8. Be3
O-O 9. O-O Bd7 10. Qe1 Nxd4 11. Bxd4 Bc6 12. Qg3 Qa5 13. a3 a6 14. Rad1 1/2-1/2

[Event "IV Torneo Banco di Roma B"]
[Site "Roma ITA"]
[Date "1980.02.??"]
[Round "8"]
[White "Joksic, Sinisa"]
[Black "De Eccher, Stefano"]
[Result "1/2-1/2"]
[WhiteElo "2360"]
[BlackElo "2285"]
[PlyCount "160"]
[EventDate "1980.02.16"]

1. Nf3 Nf6 2. g3 b6 3. Bg2 Bb7 4. O-O e6 5. c4 Be7 6. d4 O-O 7. a3 c5 8. dxc5
bxc5 9. Nc3 d5 10. cxd5 exd5 11. Bf4 Nc6 12. Rc1 Rc8 13. Ne5 Na5 14. Qa4 Qb6
15. Bg5 Rfd8 16. Bxf6 Qxf6 17. Nd3 Qb6 18. Nf4 Bc6 19. Qc2 Qb7 20. e4 dxe4 21.
Bxe4 Bxe4 22. Qxe4 Qxe4 23. Nxe4 Nb3 24. Rcd1 Nd4 25. Nc3 Rb8 26. Nd3 c4 27.
Nf4 Rxb2 28. Nfd5 Bf6 29. Kg2 Ne6 30. Nxf6+ gxf6 31. Rxd8+ Nxd8 32. Rc1 Rb3 33.
Nd5 Rxa3 34. Rxc4 Rd3 35. Nxf6+ Kg7 36. Nh5+ Kf8 37. Rc7 a6 38. Ra7 Rd6 39. g4
h6 40. f4 Kg8 41. f5 Kh7 42. Kg3 Rd3+ 43. Kf4 Rd4+ 44. Ke3 Rd6 45. Ke4 Rd4+ 46.
Ke3 Rd6 47. h3 Kg8 48. Kf3 Kf8 49. Kf2 Rb6 50. Nf4 Nc6 51. Rc7 Ne5 52. Rc8+ Kg7
53. Nh5+ Kh7 54. Ke3 a5 55. Ke4 Nc6 56. Ra8 Rb5 57. Nf6+ Kg7 58. Ne8+ Kh7 59.
Nd6 Re5+ 60. Kf4 Kg7 61. h4 Re1 62. g5 hxg5+ 63. hxg5 Rf1+ 64. Ke3 Ne5 65. Ra7
Nc4+ 66. Ke2 Nxd6 67. Kxf1 Nxf5 68. Kf2 Kg6 69. Kf3 Kxg5 70. Rxf7 a4 71. Ra7 a3
72. Rxa3 Nh4+ 73. Ke4 Ng6 74. Ra6 Kh5 75. Ra1 Kg5 76. Rf1 Nh4 77. Rg1+ Kf6 78.
Rg3 Ng6 79. Rf3+ Ke6 80. Rf1 Ne7 1/2-1/2

[Event "IV Torneo Banco di Roma B"]
[Site "Roma ITA"]
[Date "1980.02.??"]
[Round "8"]
[White "Kovacs, Laszlo M."]
[Black "Medina Garcia, Antonio Angel"]
[Result "1/2-1/2"]
[WhiteElo "2340"]
[BlackElo "2370"]
[PlyCount "33"]
[EventDate "1980.02.16"]

1. e4 e5 2. Bc4 Nf6 3. d3 Nc6 4. Nc3 Bc5 5. Be3 d6 6. Qd2 Nd4 7. Nge2 Be6 8.
O-O O-O 9. Bxe6 fxe6 10. Bxd4 Bxd4 11. Nxd4 exd4 12. Ne2 e5 13. c3 c5 14. cxd4
exd4 15. h3 b5 16. f4 Qb6 17. Kh2 1/2-1/2